Разметочное дело. Геометрические основы пространственной разметки: в помощь конструкторам, технологам и разметчикам машиностроительных цехов

Opis bibliograficzny
1. autor: Бабаян О. Оганес Арменакович
Język:rosyjski
Wydane: Пенза, Пензенское книжное изд-во, 1963
Hasła przedmiotowe:
Format: Książka
KOHA link:https://koha.lib.tpu.ru/cgi-bin/koha/opac-detail.pl?biblionumber=338863

MARC

LEADER 00000nam0a2200000 4500
001 338863
005 20231102005105.0
035 |a (RuTPU)RU\TPU\book\365367 
090 |a 338863 
100 |a 20171204d1963 km y0rusy50 ca 
101 0 |a rus 
102 |a RU 
105 |a a z 001zy 
200 1 |a Разметочное дело. Геометрические основы пространственной разметки  |e в помощь конструкторам, технологам и разметчикам машиностроительных цехов  |f О. Бабаян 
210 |a Пенза  |c Пензенское книжное изд-во  |d 1963 
215 |a 148 с.  |c ил. 
320 |a Библиогр.: с. 145-146 
606 1 |a Разметка в машиностроении  |x Организация труда  |2 stltpush  |3 (RuTPU)RU\TPU\subj\23623  |9 48181 
610 1 |a проекционные чертежи 
610 1 |a обратимость 
610 1 |a методы 
610 1 |a ортогональные проекции 
610 1 |a проекционные аппараты 
610 1 |a рейсмусы 
610 1 |a рейсмусование 
610 1 |a поверхности 
610 1 |a линии пересечения 
610 1 |a геодезические кривые 
675 |a 621.751  |v 4 
700 1 |a Бабаян  |b О.  |g Оганес Арменакович 
801 1 |a RU  |b 63413507  |c 20171204 
801 2 |a RU  |b 63413507  |c 20201102  |g RCR 
942 |c BK